Discurso de metafísica

Gespeichert in:
Bibliographische Detailangaben
1. Verfasser: Leibniz, Gottfried Wilhelm (VerfasserIn)
Format: Buch
Sprache:Spanisch
Veröffentlicht: Ciudad de México Porrúa 1977
Schriftenreihe:Sepan cuántos..., 321
Schlagworte:
Tags: Tag hinzufügen
Keine Tags, Fügen Sie den ersten Tag hinzu!

MARC

LEADER 00000nam a2200000 a 4500
001 UCZ1986
003 CL-VaPUC
008 950915e19770000MX |||||||||||||||||spa|d
082 0 4 |a 110  |b LEI  |2 21 
100 |a Leibniz, Gottfried Wilhelm   |e author  |9 429654 
245 1 0 |a Discurso de metafísica 
246 1 0 |a Sistema de la naturaleza 
246 1 0 |a Nuevo tratado sobre el entendimiento humano 
246 1 0 |a Monadología 
246 1 0 |a Principios sobre la naturaleza y la gracia 
300 |a 415 p 
942 |c BK 
945 |d 19950915 00:00:00  |a cmena 
260 |a Ciudad de México  |b Porrúa  |c 1977 
600 0 |a Dios  |9 314467 
650 0 |a Filosofía alemana   |9 265002 
650 0 |a Metafísica  |9 265649 
650 0 |a Religión   |9 255164 
650 0 |a Ontología   |9 256850 
583 |a last modification  |c 19950915 00:00:00  |k Rodrigo Vera 
490 0 |a Sepan cuántos..., 321 
999 |c 238652  |d 238650 
952 |0 0  |1 0  |4 0  |6 110_000000000000000_LEI_1977  |7 0  |8 A  |9 249002  |a BIBEDU  |b BIBEDU  |d 2019-11-18  |i 1562800  |l 2  |m 2  |o 110 LEI 1977  |p 1562800  |r 2022-10-13  |s 2022-10-11  |w 2019-11-18  |y BK  |k FIL 
952 |0 0  |1 0  |4 0  |6 110_000000000000000_LEI_1977  |7 0  |8 A  |9 249003  |a BIBEDU  |b BIBEDU  |d 2019-11-18  |i 1562819  |l 3  |m 4  |o 110 LEI 1977  |p 1562819  |r 2022-10-18  |s 2022-09-22  |w 2019-11-18  |y BK  |k FIL